Eastern Utah Libraries Catalog: Duchesne, Heber, Roosevelt, & Vernal

Ladykiller : (Record no. 399261)

MARC details
000 -LEADER
fixed length control field 01625pam a2200433 i 4500
001 - CONTROL NUMBER
control field 2023039784
003 - CONTROL NUMBER IDENTIFIER
control field DLC
005 - DATE AND TIME OF LATEST TRANSACTION
control field 20240810225552.0
008 - FIXED-LENGTH DATA ELEMENTS--GENERAL INFORMATION
fixed length control field 231211s2024 nyu 000 1 eng
010 ## - LIBRARY OF CONGRESS CONTROL NUMBER
LC control number 2023039784
020 ## - INTERNATIONAL STANDARD BOOK NUMBER
International Standard Book Number 9780593726440
Qualifying information (hardcover ;
-- acid-free paper)
020 ## - INTERNATIONAL STANDARD BOOK NUMBER
Cancelled/invalid ISBN 9780593726457
Qualifying information (ebook)
035 ## - SYSTEM CONTROL NUMBER
System control number (OCoLC)1404818090
040 ## - CATALOGING SOURCE
Original cataloging agency DLC
Language of cataloging eng
Description conventions rda
Transcribing agency DLC
Modifying agency TnLvILS
042 ## - AUTHENTICATION CODE
Authentication code pcc
043 ## - GEOGRAPHIC AREA CODE
Geographic area code e-gr---
092 ## - LOCALLY ASSIGNED DEWEY CALL NUMBER (OCLC)
Classification number Fiction
Item number Wood
100 1# - MAIN ENTRY--PERSONAL NAME
Personal name Wood, Katherine,
Dates associated with a name 1979-
Relator term author.
9 (RLIN) 6491924
245 10 - TITLE STATEMENT
Title Ladykiller :
Remainder of title a novel /
Statement of responsibility, etc Katherine Wood.
246 3# - VARYING FORM OF TITLE
Title proper/short title Lady-killer :
Remainder of title a novel.
250 ## - EDITION STATEMENT
Edition statement First edition.
264 #1 - Production, Publication, Distribution, Manufacture, and Copyright Notice.
Place of production, publication, distribution, manufacture New York :
Name of producer, publisher, distributor, manufacturer Bantam,
Date of production, publication, distribution, manufacture, or copyr [2024]
300 ## - PHYSICAL DESCRIPTION
Extent 368 pages ;
Dimensions 24 cm.
336 ## - Content Type
Content type term text
337 ## - Media type
Media type term unmediated
338 ## - Carrier type
Carrier type term volume
520 ## - SUMMARY, ETC.
Summary, etc "The estranged best friend of a missing heiress races to unravel the secrets behind her disappearance--with the only clues left behind in a manuscript detailing her possible last days"--
650 #0 - SUBJECT ADDED ENTRY--TOPICAL TERM
Topical term or geographic name as entry element Best friends
Form subdivision Fiction.
9 (RLIN) 5675106
650 #0 - SUBJECT ADDED ENTRY--TOPICAL TERM
Topical term or geographic name as entry element Rich people
Form subdivision Fiction.
9 (RLIN) 5678551
650 #0 - SUBJECT ADDED ENTRY--TOPICAL TERM
Topical term or geographic name as entry element Heiresses
Form subdivision Fiction.
9 (RLIN) 5687501
650 #0 - SUBJECT ADDED ENTRY--TOPICAL TERM
Topical term or geographic name as entry element Missing persons
Form subdivision Fiction.
650 #0 - SUBJECT ADDED ENTRY--TOPICAL TERM
Topical term or geographic name as entry element Missing persons
General subdivision Investigation
Form subdivision Fiction.
9 (RLIN) 5679196
650 #0 - SUBJECT ADDED ENTRY--TOPICAL TERM
Topical term or geographic name as entry element Diaries
Form subdivision Fiction.
9 (RLIN) 5674805
651 #0 - SUBJECT ADDED ENTRY--GEOGRAPHIC NAME
Geographic name Greece
Form subdivision Fiction.
9 (RLIN) 5676997
655 #7 - INDEX TERM--GENRE/FORM
Genre/form data or focus term Thrillers (Fiction)
Source of term lcgft.
776 08 - ADDITIONAL PHYSICAL FORM ENTRY
Display text Online version:
Main entry heading Wood, Katherine, 1979-
Title Ladykiller.
Edition First edition
Place, publisher, and date of publication New York : Bantam, 2024
International Standard Book Number 9780593726457
Record control number (DLC) 2023039785.
907 ## - LOCAL DATA ELEMENT G, LDG (RLIN)
a .b492072735
942 ## - ADDED ENTRY ELEMENTS (KOHA)
Source of classification or shelving scheme Dewey Decimal Classification
Koha item type BOOK
Holdings
Withdrawn status Lost status Source of classification or shelving scheme Damaged status Not for loan Collection code Home library Current library Shelving location Date acquired Source of acquisition Total Checkouts Total Renewals Full call number Barcode Date last seen Date checked out Cost, replacement price Price effective from Koha item type
    Dewey Decimal Classification     Fiction Wasatch County Library Wasatch County Library First Floor 08/10/2024 Micromarketing 4 5 F Wood 34301002085670 01/16/2025 01/06/2025 29.00 08/10/2024 BOOK
This project was made possible through a grant from the Institute of Museum and Library Service administered by the Utah State Library Division.

Wasatch County Library

  • 465 East 1200 South, Heber City, Utah 84032
  • Phone 435-654-1511 | Fax 435-654-6456

Hours

  • Monday - Friday 9:30 AM - 8:00 PM
  • Saturday 9:30 AM - 1:30 PM
  • Closed Sundays and Holidays